LEADER 00651oas 2200181z- 450 001 996211085303316 005 20190130215638.0 035 $a(CKB)1000000000529732 035 $a(DE-599)ZDB2073468-2 035 $a(EXLCZ)991000000000529732 100 $a20170515cuuuuuuuu -u- - 101 0 $aeng 200 00$aBericht zur Drogensituation in Deutschland / Deutsche Referenzstelle für die Europäische Beobachtungsstelle für Drogen und Drogensucht (DBDD) 210 $cEuropean Monitoring Centre for Drugs and Drug Addiction 906 $aJOURNAL 912 $a996211085303316 996 $aBericht zur Drogensituation in Deutschland$92027940 997 $aUNISA LEADER 01379nam 2200409Ia 450 001 996389128303316 005 20210104172048.0 035 $a(CKB)4940000000095998 035 $a(EEBO)2240871968 035 $a(OCoLC)ocn857312545e 035 $a(OCoLC)857312545 035 $a(EXLCZ)994940000000095998 100 $a20130830d1660 uy p 101 0 $aeng 135 $aurbn||||a|bb| 200 03$aAn anagram and acrostick on Charles Stuart King$b[electronic resource] 210 $a[S.l. $cs.n.$d1660?] 215 $a1 sheet ([1] p.) 300 $aCaption title. 300 $aPlace and date of publication suggested by Wing (2nd ed., 1994). 300 $aPrinted in two columns. 300 $aFirst line of verse: Crownes of gold w'th gemms beset are vaine. 300 $aIn verse. 300 $aReproduction of original in: Worcester College (University of Oxford). Library. 330 $aeebo-0121 606 $aAnagrams$vEarly works to 1800 606 $aAcrostics$vEarly works to 1800 607 $aGreat Britain$xHistory$yCharles II, 1660-1685$vPoetry$vEarly works to 1800 608 $aBroadsides$y17th century.$2rbgenr 615 0$aAnagrams 615 0$aAcrostics 801 0$bUMI 801 1$bUMI 906 $aBOOK 912 $a996389128303316 996 $aAn anagram and acrostick on Charles Stuart King$92420307 997 $aUNISA